| 000 | 01248cam a2200313 a 4500 | ||
|---|---|---|---|
| 001 | 13942986 | ||
| 003 | OSt | ||
| 005 | 20251011020003.0 | ||
| 008 | 050426s2006 enka 001 0 eng | ||
| 010 | _a 2005011591 | ||
| 020 | _a0748740430 | ||
| 035 | _a(OCoLC)ocm60321285 | ||
| 040 |
_aDLC _cDLC _dBAKER _dBWKUK _dYDXCP _dDLC |
||
| 050 | 0 | 0 |
_aTA357 _b.M37 2006 |
| 082 | 0 | 0 |
_a532 MAS 1998 _222 |
| 100 | 1 |
_aMassey, Bernard Stanford; Ward-Smith, A. John _98143 |
|
| 245 | 1 | 0 | _aMechanics of Fluids |
| 250 | _a7th ed. | ||
| 260 |
_aLondon ; _bTaylor & Francis, _c2006. |
||
| 300 |
_ax, 696 p. : _bill. ; _c26 cm. |
||
| 500 | _aIncludes index. | ||
| 500 | _a"Seventh edition published by Stanley Thornes (Publishers) Ltd in 1998; Published by Spon Press in 2001"--T.p. verso. | ||
| 650 | 0 |
_aFluid mechanics. _98032 |
|
| 856 | 4 | 1 |
_3Table of contents _uhttp://www.loc.gov/catdir/toc/ecip0512/2005011591.html |
| 856 | 4 | 2 |
_3Publisher description _uhttp://www.loc.gov/catdir/enhancements/fy0711/2005011591-d.html |
| 906 |
_a7 _bcbc _corignew _d1 _eecip _f20 _gy-gencatlg |
||
| 942 |
_2ddc _cSLOAN _01 |
||
| 999 |
_c3734 _d3734 |
||